El liberalismo y la teoría de los tributos / (Registro nro. 5811)

Detalles MARC
000 -LEADER
fixed length control field 00855nam a2200241Ia 4500
003 - CONTROL NUMBER IDENTIFIER
control field OSt
005 - DATE AND TIME OF LATEST TRANSACTION
control field 20200702150422.0
008 - FIXED-LENGTH DATA ELEMENTS--GENERAL INFORMATION
fixed length control field 191128s1995 ck fr 000 0 spa d
020 ## - INTERNATIONAL STANDARD BOOK NUMBER
International Standard Book Number 9583500747
040 ## - CATALOGING SOURCE
Original cataloging agency CO-JMCR
Transcribing agency CO-JMCR
041 0# - LANGUAGE CODE
Language code of text/sound track or separate title spa
082 04 - DEWEY DECIMAL CLASSIFICATION NUMBER
Classification number 336.2 /
Item number P419l
Edition number 23
100 1# - MAIN ENTRY--PERSONAL NAME
Personal name Plazas Vega, Mauricio Alfredo,
Relator term autor
9 (RLIN) 716
245 13 - TITLE STATEMENT
Title El liberalismo y la teoría de los tributos /
Statement of responsibility, etc. Mauricio A. Plazas Vega
260 ## - PUBLICATION, DISTRIBUTION, ETC.
Place of publication, distribution, etc. Bogotá :
Name of publisher, distributor, etc. Temis,
Date of publication, distribution, etc. 1995
300 ## - PHYSICAL DESCRIPTION
Extent xxvii, 495 páginas ;
Dimensions 23 cm.
505 0# - FORMATTED CONTENTS NOTE
Formatted contents note Hacienda liberal -- Fases o etapas del liberalismo -- La teoría de los tributos -- La teoría general de los tributos
650 14 - SUBJECT ADDED ENTRY--TOPICAL TERM
Topical term or geographic name entry element Hacienda pública
Geographic subdivision Colombia
9 (RLIN) 6509
650 14 - SUBJECT ADDED ENTRY--TOPICAL TERM
Topical term or geographic name entry element Impuestos
Geographic subdivision Colombia
9 (RLIN) 6510
650 14 - SUBJECT ADDED ENTRY--TOPICAL TERM
Topical term or geographic name entry element Gastos públicos
Geographic subdivision Colombia
9 (RLIN) 6511
650 14 - SUBJECT ADDED ENTRY--TOPICAL TERM
Topical term or geographic name entry element Ingresos públicos
Geographic subdivision Colombia
9 (RLIN) 6512
942 ## - ADDED ENTRY ELEMENTS (KOHA)
Source of classification or shelving scheme Dewey Decimal Classification
Koha item type Books
Existencias
Withdrawn status Lost status Source of classification or shelving scheme Damaged status Not for loan Collection code Home library Current library Date acquired Source of acquisition Cost, normal purchase price Total Checkouts Full call number Barcode Date last seen Copy number Koha item type
    Dewey Decimal Classification     Non-fiction Biblioteca Pública José María del Castillo y Rada Biblioteca Pública José María del Castillo y Rada 04/15/2018 Donación 0.00   336.2 / P419l 430004519 05/16/2024 Ej.1 Books